MARC

Tag First Indicator Second Indicator Subfields
LEADER 00000cam a2200000Ia 4500
001 in00001652002
005 20151023103928.0
007 hd afa014baca
008 980831s1983 dcub a f000 0 eng d
035 |a (OCoLC)ocm39778153 
040 |a HDB  |c HDB  |d UtOrBLW 
043 |a n-us--- 
049 |a TXAM 
090 |a JK1108  |b .M35 Suppl. 1983-84 reel 8, fr. 0582 
099 |a Film  |a S  |a 1707  |a 1983-84, reel 8, fr. 0582 
100 1 |a Laipson, Ellen B. 
245 1 0 |a Chad crisis :  |b background and U.S. policy /  |c Ellen Laipson, et al. 
264 1 |a Washington, D.C. :  |b Congressional Research Service, Library of Congress,  |c 1983. 
300 |a 17 pages :  |b maps ;  |c 28 cm. 
336 |a text  |b txt  |2 rdacontent 
337 |a microform  |b h  |2 rdamedia 
338 |a microfilm reel  |b hd  |2 rdacarrier 
500 |a Cover title. 
500 |a "Updated Sepember 7, 1983." 
500 |a "83-553 F." 
500 |a "TR83-1015." 
500 |a "August 18, 1983." 
500 |a "Foreign Affairs and National Defense Division." 
504 |a Includes bibliographical references. 
533 |a Microfilm.  |b Frederick, MD :  |c University Publications of America,  |d 1984.  |e on 1 microfilm reel ; 35 mm. Low reduction.  |f (Major studies and issue briefs of the Congressional Research Service. 1983-84 supplement ; reel 8, fr. 0582). 
500 |a Microform. 
600 1 0 |a Copson, Raymond W. 
651 0 |a Chad  |x Foreign relations  |z Libya. 
651 0 |a Libya  |x Foreign relations  |z Chad. 
651 0 |a Chad  |x History  |y Civil War, 1965- 
650 0 |a Military assistance, American  |z Chad. 
651 0 |a United States  |x Foreign relations  |z Africa. 
651 0 |a Africa  |x Foreign relations  |z United States. 
650 0 |a Military assistance, French  |z Chad. 
651 0 |a United States  |x Foreign relations  |z France. 
651 0 |a France  |x Foreign relations  |z United States. 
710 2 |a Library of Congress.  |b Congressional Research Service. 
830 0 |a Major studies and issue briefs of the Congressional Research Service.  |p Supplement ;  |v 1983-84, reel 8, fr. 0582. 
994 |a 92  |b TXA 
999 |a MARS 
999 f f |s 4f922e41-e394-35f6-b483-f4de320de5b0  |i 2607c9d5-327c-3a51-a10e-6a3ed95b6ed8  |t 0 
952 f f |p normal  |a Texas A&M University  |b College Station  |c Sterling C. Evans Library  |d Evans: Microforms (3rd floor)  |t 0  |e Film S 1707 1983-84, reel 8, fr. 0582  |h Other scheme  |i microform -- microfilm reel 
998 f f |a Film S 1707 1983-84, reel 8, fr. 0582  |t 0  |l Evans: Microforms (3rd floor)